R A Fisher: The life of a scientist (Record no. 29860)

MARC details
000 -LEADER
fixed length control field 00288nam a2200109Ia 4500
082 ## - DEWEY DECIMAL CLASSIFICATION NUMBER
Classification number 929 A/z (FIS)
Item number BOX
100 ## - MAIN ENTRY--AUTHOR NAME
Personal name Box, Joan Fisher
245 #0 - TITLE STATEMENT
Title R A Fisher: The life of a scientist
260 ## - PUBLICATION, DISTRIBUTION, ETC. (IMPRINT)
Place of publication London
Name of publisher John Wiley
Year of publication 1978
942 ## - ADDED ENTRY ELEMENTS (KOHA)
Koha item type Books
Holdings
Withdrawn status Lost status Damaged status Not for loan Home library Current library Date acquired Cost, normal purchase price Full call number Accession Number Koha item type
        RRII Library RRII Library 16/12/2021 24.95 929 A/z (FIS) BOX 10440 Books